[Event "GER-ch U25 op-A"]
[Site "Oberhof"]
[Date "2013.05.20"]
[Round "3"]
[White "Baudy, Niklas"]
[Black "Peters, Theresa"]
[Result "1-0"]
[WhiteElo "1675"]
[BlackElo "1467"]
[PlyCount "77"]
[EventDate "2013.05.19"]
[EventType "swiss"]
[EventRounds "9"]
[EventCountry "GER"]
[SourceTitle "CBM 154 Extra"]
[Source "ChessBase"]
[SourceDate "2013.06.25"]
[SourceVersion "2"]
[SourceVersionDate "2013.06.25"]
[SourceQuality "1"]

1. e4 c5 2. c3 Nc6 3. d4 cxd4 4. cxd4 e6 5. Nf3 Nf6 6. Nc3 Bb4 7. Bd3 0-0 8. 0-0 d5 9. e5 Nd7 10. Bxh7+ Kh8 11. Ng5 g6 12. Qd3 Ne7 13. Qh3 Kg7 14. Nxe6+ fxe6 15. Qh6+ Kf7 16. Bxg6+ Nxg6 17. Qh7+ Ke8 18. Qxg6+ Rf7 19. Qxe6+ Be7 20. Qxd5 Rg7 21. f4 Nb6 22. Qxd8+ Bxd8 23. f5 Kf7 24. Nb5 Nd5 25. Nd6+ Kg8 26. f6 Rg6 27. Bd2 Bb6 28. Bc3 Bh3 29. Rf2 Ne3 30. g3 Kh7 31. Re1 Nd5 32. e6 Rxf6 33. Rxf6 Nxf6 34. e7 Bd7 35. Kf2 Ng4+ 36. Ke2 Nxh2 37. Rh1 Bg4+ 38. Kd3 Kg6 39. Rxh2 1-0